000 00755nam a22001217a 4500
020 _a 978-93-80283-44-9
082 _a823
_bAUE/B
100 _aAUERBACH, ANNIE
245 _aBEWATE OF DUG
260 _aUS
_bRANDOM HOUSE
650 _a ENGLISH SHORT STORY
942 _cBK
999 _c3290
_d3290